Bundesliga Jahrestabelle 2022 - Statistiken

Allgemein
  • Dieses Quiz wurde 315 mal gespielt
  • Das Durchschnittsergebnis liegt bei 11 aus 20
Antwortstatistiken
Punkte Spiele Verein % Korrekt
68 32 FC Bayern München
100%
60 32 Borussia Dortmund
93%
64 32 RB Leipzig
92%
57 32 Union Berlin
72%
56 32 SC Freiburg
71%
54 32 Bayer Leverkusen
66%
9 15 FC Schalke 04
60%
44 32 1. FC Köln
46%
45 32 VfL Wolfsburg
43%
21 15 Werder Bremen
43%
42 32 Eintracht Frankfurt
41%
26 32 Hertha BSC
41%
48 32 Borussia Mönchengladbach
40%
35 32 FC Augsburg
39%
41 32 1. FSV Mainz 05
38%
12 17 Arminia Bielefeld
38%
30 32 VfB Stuttgart
38%
36 32 TSG Hoffenheim
36%
35 32 VfL Bochum
35%
13 17 Greuther Fürth
34%
Keine übereinstimmenden Quizze gefunden
Verteilung der Resultate
Anzahl Personen mit jedem Resultat
Perzentil nach korrekt beantworteten Fragen
Ihre Resultats-Entwicklung
Sie haben dieses Quiz noch nicht gespielt